MDQL
is popping MORE tags! Check the
thread
!
Quizzes
Events
Quiz Creation
Community
Videos
Private Events
Remove Ads
Sign In
Join for FREE
Feedback
Dark Mode
Quiz Categories
Sports
Geography
Music
Movies
Television
Just For Fun
Miscellaneous
History
Literature
Language
Science
Gaming
Entertainment
Religion
Holiday
For Kids
Quiz Lab
Recent
Popular Today
Quiz Kudos Today
Editor Picks
Curator Picks
Quizzes by...
Day
Popularity
Type
Ratings
Length
Year
Community
Subscriptions
Recent Discussions
Orange Saloon
Badges
Playlists
Quests
Create
Leaderboards
Showdown
Live 5
Trivia Bingo
Activity
Puzzle Library
Sporcle Events
Private Events
Virtual Trivia
Globe League
Become a Host
Pub Owners
SporcleCon
Opinionation
Our Games
Videos
Blog
Mobile Apps
Partnerships
Remove Ads and Go Orange
Feedback
Miscellaneous
Crossword
General Knowledge
Baby Names
Logo
Food
Cars
Numbers
Grab Bag
University
College
Popular
Company
Slogans
Restaurants
Justice
Letter
Miscellaneous
Crossword
General Knowledge
Baby Names
Logo
Food
Cars
Numbers
Grab Bag
University
College
Popular
Company
Slogans
Restaurants
Justice
Letter
Random Quiz
Search Sporcle
×
Quiz Lab
Quiz Lab
Miscellaneous
Tower
Type in answers that appear in a list
Type in answers that appear in a list
Classic
Best Score? Go Orange.
Skyscrapers Stats
Can you name the skyscrapers?
By
SuperSebastian
10m
20 Questions
318 Plays
318 Plays
318 Plays
Comments
Comments
Give Quiz Kudos
Give Quiz Kudos
-
- Ratings
hide this ad
Replay
Link that replays current quiz
Next Quiz
Link to next quiz in quiz playlist
You Got
0%
They Got
Avg Score
32%
Avg Friend Score
Upgrade to see
Score Distribution
Jump to the score distribution portion of the page
Score
0/20
Timer
10:00
0
Plays Today
City
Answer
% Correct
New York City
Empire State Building
90.5%
Dubai
Burj Dubai
75.1%
New York City
Chrysler Building
67.5%
Taipei
Taipei 101
64.4%
Chicago
Sears Tower
63.1%
Kuala Lumpur
Petronas Towers
52.1%
New York City
World Trade Center
45.7%
San Francisco
Transamerica Pyramid
34.4%
Dubai
Burj al Arab
31.9%
Chicago
John Hancock Center
23%
City
Answer
% Correct
Chicago
Aon Center
20.8%
Shanghai
Jin Mao Tower
19.9%
Shanghai
Shanghai World Financial Center
19.2%
Hong Kong
International Commerce Center
15.8%
Hong Kong
Bank of China Tower
12.6%
Hong Kong
Central Plaza
6.6%
Yokohama
Landmark Tower
6.3%
Hong Kong
2 International Finance Centre
2.5%
London
Canary Wharf Tower
2.5%
Dubai
Emirates Office Towers
1.3%
Quiz Playlist
Details
Report
Send in Message
Add To Playlist
Classic:
Type in answers that appear in a list
Last Updated: Feb 16, 2017
Quiz Scoreboard
CHALLENGE
Sign Up to Join the Scoreboard
Show All
Scores
Hide
Comments
May contain spoilers
Recently Published
Street Fighter Characters
by Artimus82
Gaming
60s
9x9 Crossword: Cartoon Network
by jackfrog10
Miscellaneous
3m
College Basketball Coaching Resumes
by pancakes188
Sports
9m
More to Explore
Quiz From the Vault
Featured Blog Post
Where Did the Easter Bunny Come From?
hide this ad
You Might Also Like...
Tags
Building
chicago
New York City
Skyscraper
Supertall Skyscrapers
tall
Taller
tallest
Tower
Today's Top Quizzes in Miscellaneous
Browse Miscellaneous
hide this ad
Today's Top Quizzes in Tower
Browse Tower
Top Contributed Quizzes in Miscellaneous
1
5-to-1: Fast Food
2
The JOE quick-fire general knowledge quiz: Day 174
3
The JOE quick-fire general knowledge quiz: Day 173
4
5-to-1: Cocktails
5
The JOE quick-fire general knowledge quiz: Day 172
6
9x9 Crossword: Disney Movie Titles
7
Sunday Crossword: Famous Bodies of Water
8
9x9 Crossword: Charlie and the Chocolate Factory
9
The JOE quick-fire general knowledge quiz: Day 171
10
One Thing in Common: United Kingdom II
Explore More
Trending Topics
NBA
Crossword
Harry Potter
Marvel
Kpop
Anime
Disney
Song
NFL
Pokémon
The Office
Country
Puzzle
Soccer
WWE
hide this ad
More By:
SuperSebastian
Quiz
Plays
Rating
Category
Featured
Created
Countries with the Most Christians
2,780
4.14
Religion
Mar 31, 2010
Biggest US Cities that Contain each Letter
2,708
3.67
Geography
Apr 15, 2010
Airbus Planes
2,119
4.50
Miscellaneous
Mar 29, 2010
Religions of the World
2,046
1.90
Religion
Mar 12, 2010
Super Duper Easy Game
1,535
2.93
Miscellaneous
Mar 9, 2010
Go to Creator's Profile
Score Distribution
Quiz Creator Spotlight
SuperSebastian
Follow
Send a Message
Quizzes Created
-
Created Quiz Play Count
-
More By This Creator
Popular Quizzes Today
1
Find the US States - No Outlines Minefield
2
Find the Countries of Europe - No Outlines Minefield
3
The Countries of the World
4
Find the US States
5
Risky Map Clicking: Biggest States A-Z
6
US States
7
Popular People in 1961
8
Movies - When Are They Set?
More Miscellaneous Quizzes
The Last Five
Published
Trending Quizzes
Risky Map Clicking: Least Populous States A-Z
Countries of the World: 200 Million BC
1-10 Letter G Words
Risky Map Clicking: Next State Alphabetically
Adjectives in 80s TV Shows
Recently Updated
Leaping Animals
pecheneg
Reality TV Shows (A-Z)
bhenderson79
Rickey Henderson's Hall of Fame Teammates
pecheneg
Champions League XIs: Arsenal
pecheneg
Quick Pick: Celebrities in WWE's Hall of Fame
aduchscher
A-Z Keypad Blitz II
pecheneg
Multiple Oscar Actors
pecheneg
Mystery Phrase Blitz: Oscar 'Best Actors'
pecheneg
F. Scott Fitzgerald Novels
LTH
Pick 3 Villains
ddd62291
Trending Topics
Harry Potter
Kpop
Crossword
Marvel
NBA
Disney
Anime
NFL
Pokémon
Soccer
Country
Puzzle
WWE
The Office
Song
Your Account Isn't Verified!
In order to create a playlist on Sporcle, you need to verify the email address you used during registration. Go to your
Sporcle Settings
to finish the process.
Report this User
Report this user for behavior that violates our
Community Guidelines
.
Details:
Send Report
Go to the Sporcle.com Mobile Site →
Comments